| 000 | 00814cad a22001815a 4500 | ||
|---|---|---|---|
| 001 | L152798 | ||
| 008 | 110503u2010 xxk g 000 0 eng d | ||
| 035 | _a(Sirsi) u152798 | ||
| 041 | 0 | _aeng | |
| 110 | 2 | _aArchitects' Journal | |
| 245 | 0 | 0 |
_aAJ buildings library _h[electronic resource] |
| 520 | _aAn online database of buildings, projects, architects, drawings; hundreds of exemplar projects, most from the last 20 years but including major projects back to 1900; search for projects by age, cost, architect, building type, footprint, location, and a combination of these. | ||
| 590 | _aKA NTK | ||
| 651 | 4 | _aInternational | |
| 690 | _aBUILT ENVIRONMENT-CONSTRUCTION DESIGN | ||
| 856 | 4 | 0 |
_uhttps://www.ajbuildingslibrary.co.uk/ _zView the website free of charge at www.ajbuildingslibrary.co.uk |
| 942 | _n0 | ||
| 999 |
_c120905 _d120905 |
||